000 01050nam a2200217 a 4500
003 AM-YeHGA
040 _aAM-YeHGA
090 _c432621
005 20250617155307.0
008 180328s1957 ru ac|||r|||||000|0|rus||
041 0 _arus
245 0 0 _aВ борьбе за Октябрь :
_bСборник воспоминаний.
260 _aКалуга :
_bГаз. "Знамя",
_c1957.
300 _a203 с., 1 л. портр. :
_bил. ;
_c23 см.
490 1 _a40 лет Великой Октябрьской социалистической революции
650 1 4 _aИстория
_zСССР
653 0 _aВеликая Октябрьская социалистическая революция - Калуж. губ. - Воспоминания и записки
653 0 _aКППС - История - Калужская организация - Воспоминания и записки
830 0 _a40 лет Великой Октябрьской социалистической революции
942 _2udc
_cBK
999 _c430070
_d430070